000 00329pab a2200145 454500
008 180718b2000 xxu||||| |||| 00| 0 eng d
100 _aChatterjee, Nilanjana
245 _aCorruption and the family
260 _c2000
300 _ap.8
362 _a19 Feb
650 _aCorruption
773 _aYoung Indian
909 _a43895
999 _c43895
_d43895